000
00272nam a2200121Ia 4500
008
190216s9999||||xx |||||||||||||| ||und||
100
_a
Kochurani M J
245
0
_a
Morphology Of Flower&Fruits
260
_b
By The Authors
300
_a
64
650
_a
Botany
942
_c
BK
999
_c
1555
_d
1555